000 00838nam a2200229Ia 4500
001 9533
003 GE_BSU
008 181216s||||||||xx |||||||||||||| ||und||
040 _cGE_BSU
080 _a821.353.1–32
100 _aმაღულარია,გივი
245 _aცეცხლი ცისა და მიწისა
245 _bმითოლოგიური მოთხრობა
245 _cრედ.ნ.ლორთქიფანიძე.მხატვ.ე.ბერძენიშვილი
260 _aთბილისი
260 _bნაკადული
260 _c1975
300 _a187გვ.ილ.16სმ
653 _aმითოლოგიური მოთხრობა
653 _aცეცხლი ცისა და მიწისა
942 _cBK
999 _c42827
_d42827